Inquiry Journal. (Record no. 105397)
[ view plain ]
| 000 -LEADER | |
|---|---|
| fixed length control field | 00383nam a2200145 a 4500 |
| 005 - DATE AND TIME OF LATEST TRANSACTION | |
| control field | 20140412111355.0 |
| 008 - FIXED-LENGTH DATA ELEMENTS--GENERAL INFORMATION | |
| fixed length control field | 101230s19uu xx 00 eng d |
| 050 ## - LIBRARY OF CONGRESS CALL NUMBER | |
| Classification number | TR(GS 372.4 |
| Item number | B35 L.2(IJ) |
| 100 ## - MAIN ENTRY--PERSONAL NAME | |
| Personal name | Bereiter, Carl |
| 245 ## - TITLE STATEMENT | |
| Title | Inquiry Journal. |
| 260 ## - PUBLICATION, DISTRIBUTION, ETC. (IMPRINT) | |
| Place of publication, distribution, etc | Ohio : |
| Name of publisher, distributor, etc | McGrawhill, |
| Date of publication, distribution, etc | 2005. |
| 440 ## - SERIES STATEMENT/ADDED ENTRY--TITLE | |
| Title | SRA Open Court Reading |
| 500 ## - GENERAL NOTE | |
| General note | Teacher's Edition |
| Withdrawn status | Lost status | Damaged status | Home library | Current library | Shelving location | Date acquired | Source of acquisition | Total Checkouts | Full call number | Barcode | Date last seen | Price effective from | Koha item type |
|---|---|---|---|---|---|---|---|---|---|---|---|---|---|
| Elizalde Library | Elizalde Library | Teachers Reference Section | 12/30/2010 | TR(GS 372.4 B35 L.2(IJ) | E10061 | 04/12/2014 | 04/12/2014 | Books |